guess the random animal in alphabetical order - Statistics

General Stats
  • This quiz has been taken 35 times
  • The average score is 6 of 14
Answer Stats
Hint Answer % Correct
A Ant
87%
D Cat
80%
C Dog
77%
E Elephant
73%
L Lion
60%
B Bat
53%
F Fish
50%
G Goat
40%
J Jaguar
33%
M Monkey
33%
I Iguana
30%
H Hen
10%
K Kite
0%
N Nightingale
0%
No matching quizzes found
Score Distribution
Percent of People with Each Score
Percentile by Number Answered
Your Score History
You have not taken this quiz